LEADER 01303nam0-2200349---450- 001 990008687340403321 005 20100505113605.0 035 $a000868734 035 $aFED01000868734 035 $a(Aleph)000868734FED01 035 $a000868734 100 $a20080711g19099999km-y0itay50------ba 101 0 $ager 102 $aDE 105 $ay---e---001yy 200 1 $aWörterbuch der schweizerdeutschen Sprache$eSchweizerisches Idiotikon$fherausg. mit Unterstützung des Bundes und der Kantone$gbegonnen von Friedrich Staub und Ludwig Tobler und forgesetzt unter der Leitung von Albert Bachmann und Otto Groger$egesammelt auf Veranstaltung der Antiquarischen Gesellschaft in Zürich unter Beihülfe aus allen Kreisen des Schweizervolkes 210 $aFrauenfeld$cHuber$d1909- 215 $av.$d28 cm 327 0 $a6. bd. / bearbeitet von A. Bachmann [et al.] 610 0 $aLingua tedesca$aSvizzera$aDizionari 676 $a437.9494 702 1$aStaub,$bFriedrich 702 1$aTobler,$bLudwig 702 1$aBachmann,$bAlbert 702 1$aGroger,$bOtto 801 0$aIT$bUNINA$gRICA$2UNIMARC 901 $aBK 912 $a990008687340403321 952 $a437.9494 STA 1(6)$bBibl.$fFLFBC 959 $aFLFBC 996 $aWörterbuch der schweizerdeutschen Sprache$9717139 997 $aUNINA LEADER 01128nam a2200265 i 4500 001 991000534909707536 005 20020506131825.0 008 931015s1987 it ||| | fre 020 $a2728301225 035 $ab10714406-39ule_inst 035 $aEXGIL147341$9ExL 040 $aBiblioteca Interfacoltà$bita 100 1 $aAndreau, Jean$0139630 245 13$aLa vie financière dans le monde romain :$bles métiers de manieurs d'argent, 4. siècle av. J.-C.- 3. siècle ap. J.-C. /$cpar Jean Andreau 260 $aRoma :$bEcole française de Rome,$c1987 300 $aVIII, 792 p., [6] c. di tav. :$bill. ;$c25 cm. 490 0 $aBibliothèque des écoles françaises d'Athènes et de Rome ;$v265 650 4$aBanche$zRoma antica$ySec. 4. a.C.-3. 650 4$aFinanza$zRoma antica$ySec. 4. a.C.-3. 907 $a.b10714406$b23-02-17$c28-06-02 912 $a991000534909707536 945 $aLE002 Coll. 7.4$g1$iLE002-12439N$lle002$o-$pE0.00$q-$rn$so $t0$u0$v0$w0$x0$y.i10810882$z28-06-02 996 $aVie financière dans le monde romain$924916 997 $aUNISALENTO 998 $ale002$b01-01-93$cm$da $e-$ffre$git $h3$i1